000 00510pab a2200181 454500
008 180718b2008 xxu||||| |||| 00| 0 eng d
100 _aBagchi, Amiya Kumar
245 _aContesting models of East Asian development and financial liberalization: a case study of South Korea
260 _c2008
300 _ap.4-23.
362 _aSep-Oct
650 _aLiberalization - South Korea
650 _aFinance - South Korea
650 _aFinance
773 _aSocial Scientist
908 _aN
909 _a80999
999 _c80999
_d80999